Govt. of
Madhya Pradesh

Papers On Indian Writing in English (Record no. 40315)

MARC details
000 -LEADER
fixed length control field 004780000a22001810004500
003 - CONTROL NUMBER IDENTIFIER
control field MACL
005 - DATE AND TIME OF LATEST TRANSACTION
control field 20151222155151.0
008 - FIXED-LENGTH DATA ELEMENTS--GENERAL INFORMATION
fixed length control field 151222b xxu||||| |||| 00| 0 eng d
040 ## - CATALOGING SOURCE
Original cataloging agency MACL
Transcribing agency MACL
041 ## - LANGUAGE CODE
Language code of text/sound track or separate title English
082 ## - DEWEY DECIMAL CLASSIFICATION NUMBER
Classification number 820/DWI
100 ## - MAIN ENTRY--PERSONAL NAME
Personal name Dwivedi, A N
9 (RLIN) 22130
245 ## - TITLE STATEMENT
Title Papers On Indian Writing in English
Remainder of title Vol 2
260 ## - PUBLICATION, DISTRIBUTION, ETC. (IMPRINT)
Name of publisher, distributor, etc. Atlantic Publishers and Distributors
Date of publication, distribution, etc. 2002
350 ## - PRICE (NR) (BK AM CF MU VM SE) [OBSOLETE]
Price 495
650 ## - SUBJECT ADDED ENTRY--TOPICAL TERM
Topical term or geographic name as entry element English Literature
9 (RLIN) 22131
942 ## - ADDED ENTRY ELEMENTS (KOHA)
Koha item type Books
Call number prefix 820/DWI
Source of classification or shelving scheme
Holdings
Withdrawn status Lost status Source of classification or shelving scheme Damaged status Not for loan Home library Current library Date acquired Total Checkouts Full call number Barcode Date last seen Uniform Resource Identifier Price effective from Koha item type
          MACL MACL 15/04/2015   820/DWI RB0001654 29/04/2015 40561 15/04/2015 Books